Empire of Brazil country quiz - Statistics

General Stats
  • This quiz has been taken 32 times
    17 since last reset
  • The average score is 11 of 15
Answer Stats
Hint Answer % Correct
What was the official language of the Empire? Portuguese
100%
Who was the first emperor? Dom Pedro I
92%
Who was the second? Dom Pedro II
92%
Which European countries did they border? (Name one) France / British Empire
92%
Who previously controlled the territory? Portugal
92%
Which was the first country to recognize Brazil's independence? USA
83%
What year was the Empire of Brazil founded? 1822
75%
What year was slavery abolished? 1888
75%
Main export Coffee
75%
Capital of the Empire Rio de Janeiro
75%
When did the Empire dissolve? 1889
67%
Official religion (Be specific) Catholicism
67%
What was the name of the province which consists of modern day Uruguay? Cisplatina
58%
What is the deadliest war they fought? Paraguayan War
25%
Old rivals (Mostly consists of modern day Chile and Argentina). Rio de la Plata
25%
No matching quizzes found
Score Distribution
Percent of People with Each Score
Percentile by Number Answered
Your Score History
You have not taken this quiz since the last reset